000 00818nam a2200253Ia 4500
003 OSt
005 20221007101029.0
006 a|||||r|||| 00| 0
007 ta
008 221006b |||||||| |||| 00| 0 eng d
024 _a5,706
037 _cTextual
040 _aLCO
_cLCO
_beng
041 _2eng
_aeng
082 _aY:414, L 1
100 _aBeotra B.R.
_949934
245 0 _aLaw of Drugs & Cosmetics
260 _aAllahabad
_bLaw Book Co. India
_c1971
300 _a730
500 _aDealing with all legislations Relating to Drugs, Cosmetics, Dangerous Drugs, Medicine, Magic Remedies, Drug Control, Pharmacy, Opium, Poison etc., with States Rules
650 _aDRUGS AND COSMETICS
_9702511
942 _hY:414, L 1
_cTEXL
999 _c1175269
_d1175269